Psychologie zdraví / Jaro Křivohlavý
Record details
- ISBN: 978-80-7367-568-4 (brož.)
- Physical Description: 279 s. : il. ; 23 cm
- Edition: Vyd. 3.
- Publisher: Praha : Portál, 2009
Content descriptions
| General Note: | Anglicko-český terminologický slovník |
| Bibliography, etc. Note: | Obsahuje bibliografie a rejstřík |
Search for related items by subject
| Subject: | psychologie zdraví psychohygiena health psychology mental hygiene |
| Genre: | příručky handbooks, manuals, etc |
Available copies
- 1 of 1 copy available at Common Catalog SPOK.
Holds
- 0 current holds with 1 total copy.
Other Formats and Editions
Show Only Available Copies
| Location | Call Number / Copy Notes | Barcode | Shelving Location | Status | Due Date |
|---|---|---|---|---|---|
| Jabok Library | Psy-4.10/K | 424480027415 | Odborná literatura | Available | - |
| LDR | 02279nam a2200673 a 4500 | ||
|---|---|---|---|
| 001 | 16875 | ||
| 003 | CZ-PrJAB | ||
| 005 | 20220406093104.0 | ||
| 007 | ta | ||
| 008 | 090302s2009 xr a e f 001 0 cze | ||
| 015 | . | ‡acnb001859426 | |
| 020 | . | ‡a978-80-7367-568-4 (brož.) | |
| 035 | . | ‡a(CONS)16875 | |
| 035 | . | ‡a(CZ PrSKC)nkc20091859426 | |
| 035 | . | ‡a(OCoLC)432995996 | |
| 040 | . | ‡aABA001 ‡bcze | |
| 072 | 7. | ‡a159.98 ‡xAplikovaná psychologie ‡2Konspekt ‡917 | |
| 080 | . | ‡a159.9:613 ‡2MRF | |
| 080 | . | ‡a613.86 ‡2MRF | |
| 080 | . | ‡a(035) ‡2MRF | |
| 100 | 1 | . | ‡aKřivohlavý, Jaro, ‡d1925- ‡7jk01070119 ‡4aut |
| 245 | 1 | 0. | ‡aPsychologie zdraví / ‡cJaro Křivohlavý |
| 250 | . | ‡aVyd. 3. | |
| 260 | . | ‡aPraha : ‡bPortál, ‡c2009 | |
| 300 | . | ‡a279 s. : ‡bil. ; ‡c23 cm | |
| 500 | . | ‡aAnglicko-český terminologický slovník | |
| 504 | . | ‡aObsahuje bibliografie a rejstřík | |
| 650 | 0 | 7. | ‡apsychologie zdraví ‡7ph124815 ‡2czenas |
| 650 | 0 | 7. | ‡apsychohygiena ‡7ph115945 ‡2czenas |
| 650 | 0 | 9. | ‡ahealth psychology ‡2eczenas |
| 650 | 0 | 9. | ‡amental hygiene ‡2eczenas |
| 655 | 7. | ‡apříručky ‡7fd133209 ‡2czenas | |
| 655 | 9. | ‡ahandbooks, manuals, etc ‡2eczenas | |
| 910 | . | ‡aABG312 | |
| 901 | . | ‡a16875 ‡b ‡c16875 ‡tbiblio | |